|
|
|
|
| LEADER |
00000naa2a2200000 4500 |
| 001 |
134038 |
| 005 |
20231031135535.0 |
| 035 |
|
|
|a (RuTPU)RU\TPU\book\145283
|
| 090 |
|
|
|a 134038
|
| 100 |
|
|
|a 20080325d2007 k y0rusy50 ca
|
| 101 |
0 |
|
|a rus
|
| 102 |
|
|
|a RU
|
| 200 |
1 |
|
|a Разработка мероприятий по повышению энергоэффективности на ОАО "Томское пиво"
|f Т. С. Жаркова, М. В. Дель, Л. И. Молодёжникова
|
| 320 |
|
|
|a Библиогр.: 3 назв.
|
| 461 |
|
1 |
|0 (RuTPU)RU\TPU\book\136926
|t Современные техника и технологии
|o 13-я Международная научно-практическая конференция студентов, аспирантов и молодых ученых, г. Томск, 26-30 марта 2007 г.
|o труды в 3 т.
|f Томский политехнический университет (ТПУ)
|d 2007
|
| 463 |
|
0 |
|0 (RuTPU)RU\TPU\book\136414
|t Т. 3
|v С. 207-208
|d 2007
|p 400 с.
|
| 610 |
1 |
|
|a энергоэффективность
|
| 610 |
1 |
|
|a Томкое пиво
|
| 610 |
1 |
|
|a тепло
|
| 610 |
1 |
|
|a теплота
|
| 610 |
1 |
|
|a потребление
|
| 610 |
1 |
|
|a потребление энергии
|
| 610 |
1 |
|
|a котельные
|
| 610 |
1 |
|
|a труды учёных ТПУ
|
| 700 |
|
1 |
|a Жаркова
|b Т. С.
|
| 701 |
|
1 |
|a Дель
|b М. В.
|
| 701 |
|
1 |
|a Молодёжникова
|b Л. И.
|
| 801 |
|
1 |
|a RU
|b 63413507
|c 20080325
|g PSBO
|
| 801 |
|
2 |
|a RU
|b 63413507
|c 20141020
|g RCR
|
| 942 |
|
|
|c BK
|